Science Quiz

Random Science Quiz

Anterior Cardiac Veins Quiz Stats

 Plays Quiz not verified by Sporcle

Also try: Dwarf Planets
Challenge
Share
Tweet
Score 0/7 Timer 10:00
0 Plays Today
Hint Answer % Correct
2Pulmonary trunk
84.5%
1Ascending aorta
80.3%
3Left atrium
74.6%
4Great cardiac vein
74.6%
7Small cardiac vein
49.3%
5Right atrium and auricle
26.8%
6Anterior cardiac veins
22.5%

You're not logged in!

Compare scores with friends on all Sporcle quizzes.
Join for Free
OR
Log In

You Might Also Like...

Show Comments

Extras

Created Jan 26, 2017ReportNominate
Tags:heart

Top Quizzes Today


Score Distribution

Your Account Isn't Verified!

In order to create a playlist on Sporcle, you need to verify the email address you used during registration. Go to your Sporcle Settings to finish the process.

Report this User

Report this user for behavior that violates our Community Guidelines.

Details: